| 000 | 00458nam a2200169Ia 4500 | ||
|---|---|---|---|
| 008 | 231217s9999 xx 000 0 und d | ||
| 020 | _a817881i472 | ||
| 041 | _aEnglish | ||
| 082 | _a658.4012 KAR.1;1 R | ||
| 100 | _aKarunakar, B ed. | ||
| 245 | 0 | _aBusiness strategy : concepts and cases V.1 | |
| 260 |
_c2002 _bIcfai _aHyderabad |
||
| 300 | _aix, 182+A10 | ||
| 400 | _aStrategic management series | ||
| 650 | _aBusiness,strategy,V.1 | ||
| 942 | _cAA | ||
| 999 |
_c187442 _d187442 |
||